Bengkel Penyelenggaran Tatatertib pada 6 Mac 1989 [ taklimat kursus dan tatakelakuan dalam perkhidmatan awam (Bab D)
| Format: | Book |
|---|---|
| Published: |
Bangi :
Inspen ,
1989
|
| Subjects: |
MARC
| LEADER | 00000cam a2200000 7i4500 | ||
|---|---|---|---|
| 001 | 0000018366 | ||
| 005 | 20061213.0 | ||
| 040 | |a INS | ||
| 090 | 0 | 0 | |a HD4905 1989 |
| 245 | 0 | 0 | |a Bengkel Penyelenggaran Tatatertib pada 6 Mac 1989 [ |h video recording] : |b taklimat kursus dan tatakelakuan dalam perkhidmatan awam (Bab D) |
| 260 | |a Bangi : |b Inspen , |c 1989 | ||
| 300 | |a 1 Video cassette (VHS) : |b sd., col. ; |c 1/2 in. | ||
| 650 | 0 | 0 | |a Work ethics |
| 999 | |a VHS169 |b VIDEO |c Media Collection |e Default branch | ||